Pohjois-Amerikan maat kartalla - Statistics

Yleistilastot
  • Tätä visaa on pelattu 4 094 kertaa
  • Keskiarvotulos 13 / 23
Vastaukset kartalla
Vastauksille on annettu kartalla punavihreä väri sen mukaan, kuinka moni on saanut sen oikein.
 
Vastaustilastot
Vastaus % Oikein
Kanada
96%
Yhdysvallat
96%
Meksiko
95%
Kuuba
77%
Panama
75%
Haiti
66%
Dominikaaninen
tasavalta
63%
Jamaika
63%
Bahama
62%
El Salvador
61%
Belize
60%
Costa Rica
60%
Nicaragua
60%
Guatemala
59%
Honduras
57%
Trinidad ja Tobago
47%
Antigua ja Barbuda
35%
Barbados
35%
Saint Vincent ja
Grenadiinit
31%
Grenada
30%
Saint Lucia
30%
Dominica
29%
Saint Kitts ja Nevis
27%
Ehtoja vastaavia visoja ei löytynyt
Tulosjakauma
Jokaisen tuloksen saaneiden osuus
Persentiili vastausten määrän mukaan
Tuloshistoriasi
Et ole pelannut tätä visaa